| 000 | 01391cam a22003734a 4500 | ||
|---|---|---|---|
| 001 | 13480335 | ||
| 003 | OSt | ||
| 005 | 20140310182805.0 | ||
| 008 | 040204s2005 paua b 001 0 eng | ||
| 010 | _a 2004044148 | ||
| 020 | _a0781770181 | ||
| 035 | _a(DNLM)101205843 | ||
| 040 |
_aDNLM/DLC _cDLC _dDLC |
||
| 042 | _apcc | ||
| 050 | 0 | 0 |
_aRB 40 _b.C576 2005 |
| 082 |
_aNUR 616.0756 _bB54 2005 |
||
| 100 |
_aBishop, Michael L. _97763 |
||
| 245 | 0 | 0 |
_aClinical chemistry : _bprinciples, procedures, correlations / _c[edited by] Michael L. Bishop, Edward P. Fody, Larry Schoeff. |
| 250 | _a5th ed. | ||
| 260 |
_aPhiladelphia : _bLippincott Williams & Wilkins, _cc2005. |
||
| 300 |
_axxvi, 730 p. : _bcol. ill. ; _c28 cm. |
||
| 650 | 0 |
_aClinical chemistry. _98167 |
|
| 650 | 1 | 2 |
_aClinical Chemistry Tests. _97765 |
| 650 | 2 | 2 |
_aChemistry, Clinical _xmethods. _98390 |
| 700 | 1 |
_aBishop, Michael L. _97763 |
|
| 700 | 1 |
_aFody, Edward P. _98169 |
|
| 700 | 1 |
_aSchoeff, Larry E. _98170 |
|
| 856 | 4 | 2 |
_3Publisher description _uhttp://www.loc.gov/catdir/enhancements/fy0712/2004044148-d.html |
| 856 | 4 | 1 |
_3Table of contents only _uhttp://www.loc.gov/catdir/enhancements/fy0811/2004044148-t.html |
| 906 |
_a7 _bcbc _corignew _d1 _eocip _f20 _gy-gencatlg |
||
| 942 |
_2lcc _cBK |
||
| 999 |
_c16064 _d16064 |
||